| 000 | 00453nam a22001337a 4500 | ||
|---|---|---|---|
| 008 | 230406b |||||||| |||| 00| 0 eng d | ||
| 040 |
_aNational Science Library _cNational Science Library |
||
| 080 |
_a338.963/964.001.5 _bM2 |
||
| 245 |
_aInnovation in small and medium firms: _bBackground reports |
||
| 260 |
_aFrance: _bOrganisation for Economic Co-Operation and Development, _c1982 |
||
| 300 | _aiii, 274p. | ||
| 650 | _aReports | ||
| 942 |
_2udc _cREP |
||
| 999 |
_c19435 _d19435 |
||